[Event "Neumarkt am Wallersee op 11th"]
[Site "Neumarkt am Wallersee"]
[Date "2012.08.28"]
[Round "4"]
[White "Leiner, Patrik"]
[Black "Melde, Volker"]
[Result "1/2-1/2"]
[WhiteElo "1721"]
[BlackElo "1939"]
[PlyCount "60"]
[EventDate "2012.08.26"]
[EventType "swiss"]
[EventRounds "9"]
[EventCountry "AUT"]
[SourceTitle "EXT 2013"]
[Source "ChessBase"]
[SourceDate "2012.11.22"]
[SourceVersion "1"]
[SourceVersionDate "2012.11.22"]
[SourceQuality "1"]

1. Nf3 d5 2. g3 Nf6 3. Bg2 c5 4. 0-0 Nc6 5. d3 e5 6. c4 Be7 7. Bg5 0-0 8. Nbd2 h6 9. Bxf6 Bxf6 10. Nb3 Be7 11. cxd5 Qxd5 12. Nfd4 Qd7 13. Nxc6 bxc6 14. Qc2 Rb8 15. Rab1 Qd6 16. Rfc1 Be6 17. Qxc5 Qxc5 18. Nxc5 Bxa2 19. Nd7 Bxb1 20. Rxb1 Ba3 21. Nxb8 Rxb8 22. b3 Rb6 23. Ra1 Rxb3 24. Bxc6 a5 25. Kf1 Kf8 26. Bd5 Rc3 27. Bc4 Ke7 28. f4 exf4 29. gxf4 f5 30. Kg2 g5 1/2-1/2

[Event "Neumarkt am Wallersee op 11th"]
[Site "Neumarkt am Wallersee"]
[Date "2012.08.26"]
[Round "1"]
[White "Kuecher, Wolfgang"]
[Black "Leiner, Patrik"]
[Result "1-0"]
[WhiteElo "2075"]
[BlackElo "1721"]
[PlyCount "23"]
[EventDate "2012.08.26"]
[EventType "swiss"]
[EventRounds "9"]
[EventCountry "AUT"]
[SourceTitle "EXT 2013"]
[Source "ChessBase"]
[SourceDate "2012.11.22"]
[SourceVersion "1"]
[SourceVersionDate "2012.11.22"]
[SourceQuality "1"]

1. d4 d6 2. Nf3 Nf6 3. g3 g6 4. Bg2 Bg7 5. 0-0 0-0 6. c4 c5 7. Nc3 Qb6 8. Na4 Qb4 9. b3 cxd4 10. Bd2 Qa3 11. Nxd4 Nd5 12. Nb5 1-0